Loading...
| Literature - American | 0 | 3 | 0 | 1 | 30 | 115 | 127.33 | 0 | 3 | 3.33 | 12.50 |
| Fine Arts - Other | 0 | 3 | 0 | 0 | 30 | 114 | 133.33 | 1 | 3 | 2.91 | 20.00 |
| Science - Biology | 0 | 3 | 0 | 1 | 30 | 106 | 113.67 | 1 | 2 | 1.95 | 17.50 |
| History - American | 0 | 3 | 1 | 1 | 25 | 108 | 124.33 | 0 | 3 | 2.92 | 17.50 |
| Social Science | 0 | 2 | 0 | 0 | 20 | 103 | 110.50 | 1 | 2 | 2.38 | 16.67 |
| Philosophy | 0 | 2 | 0 | 0 | 20 | 111 | 119.50 | 0 | 1 | 2.45 | 7.50 |
| History - European | 0 | 1 | 0 | 1 | 10 | 110 | 110.00 | 0 | 1 | 0.09 | 2.50 |
| History - World | 0 | 1 | 0 | 0 | 10 | 118 | 118.00 | 0 | 1 | 0.90 | 2.27 |
| Fine Arts - Auditory | 0 | 0 | 0 | 0 | 0 | 0.00 | 0 | 0 | 0.00 | 0.00 | |
| Popular Culture | 0 | 0 | 0 | 0 | 0 | 0.00 | 0 | 0 | 0.00 | 0.00 | |
| Literature - European | 0 | 0 | 1 | 0 | -5 | 0.00 | 0 | 0 | 0.00 | 0.00 |